[Event "EYCC 2017"]
[Site "Mamaia"]
[Date "2017.09.05"]
[Round "1"]
[White "Gomez Sanjuan, Hector Fernando"]
[Black "Burri, Quentin"]
[Result "0-1"]
[WhiteElo "2173"]
[BlackElo "2428"]
[Annotator "TA"]
[PlyCount "42"]
[EventDate "2017.??.??"]
[EventType "swiss"]
[EventCountry "ROU"]
[SourceTitle "playchess.com"]
[Source "ChessBase"]
[SourceQuality "1"]

{[%evp 23,42,-209,-206,-328,-325,-472,-475,-475,-477,-540,-547,-562,-406,-748,-733,-1046,-998,-1395,-1353,-1309,-1278]} 1. d4 d5 2. c4 c6 3. Nf3 Nf6 {[%cal Bg8f6,Bf6d7,Bd7c5][%mdl 32]} 4. Nc3 dxc4 5. a4 Bf5 6. Ne5 Na6 7. f3 Nd7 8. Nxc4 e5 9. e4 exd4 10. Qxd4 Nb4 {D17: Slav Defence: 5 a4 Bf5: Lines with 6 Nh4 and 6 Ne5} 11. Qd1 (11. Ne3 Be6 12. Bc4 Nc5 13. Qxd8+ Rxd8 14. Ke2 Nc2 15. Rb1 Nd4+ 16. Kf1 Ndb3 17. Ke2 Nd4+ 18. Kf1 {½-½ (57) Van Wely,L (2674)-Mastrovasilis,D (2546) Dresden 2007}) 11... Be6 12. Bf4 {[#]} Nc5 $1 {[%cal Rc5d3] LiveBook: 3 Games. Black is clearly better.} 13. Nd6+ (13. Bd6 $142) 13... Bxd6 $1 $19 14. Bxd6 (14. Qxd6 {was the only defense.} Nc2+ 15. Ke2 Qxd6 16. Bxd6 Nxe4 17. Nxe4 Nxa1 18. Kf2) 14... Bb3 15. Bxc5 Bxd1 16. Bxb4 $146 ({Predecessor:} 16. Rxd1) 16... Bb3 {[%cal Bd1b3,Bb3e6,Be6c4][%mdl 32]} 17. Ra3 Be6 18. Bc5 (18. Nb5 $142 cxb5 19. Bxb5+ Bd7 20. Rd3 Qh4+ 21. g3 Bxb5 22. gxh4 Bxd3 23. Kf2) 18... Qg5 {Black is clearly winning.} 19. Bf2 Rd8 {[%csl Gd8][%cal Rg5d2] [#]} 20. Be2 Qc1+ 21. Nd1 Bc4 0-1

[Event "EYCC 2017"]
[Site "Mamaia"]
[Date "2017.09.05"]
[Round "1"]
[White "Ciorica, Mihai-Vlad"]
[Black "Kevlishvili, Robby"]
[Result "1/2-1/2"]
[WhiteElo "2172"]
[BlackElo "2450"]
[Annotator "TA"]
[PlyCount "120"]
[EventDate "2017.??.??"]
[EventType "swiss"]
[EventCountry "ROU"]
[SourceTitle "playchess.com"]
[Source "ChessBase"]
[SourceQuality "1"]

{[%evp 15,120,0,0,0,111,111,108,112,112,112,114,119,122,113,113,105,121,122,131,127,143,139,144,135,137,120,159,145,145,134,148,161,152,152,156,135,154,140,198,193,203,204,219,213,240,231,209,117,146,117,382,384,525,519,695,464,985,1097,1245,1206,1178,1077,1118,976,804,637,1744,589,1532,481,481,481,481,467,640,622,549,565,569,568,568,564,526,490,752,77,82,8,8,8,8,8,8,8,8,8,8,0,8,8,8,8,8,8,8,8,8]} 1. d4 d5 2. c4 c6 3. Nc3 Nf6 4. Nf3 e6 5. e3 Nbd7 6. b3 Bb4 7. Bd2 O-O 8. Bd3 b6 {LiveBook: 4 Games. D45: Semi-Slav: 5 e3} 9. O-O Bb7 (9... Bd6 $11) 10. Nxd5 $1 $16 Bxd2 {White is better.} 11. Nxf6+ Nxf6 $146 ({Predecessor:} 11... Qxf6 12. Qxd2 c5 13. Be2 Rad8 14. Rfd1 e5 15. dxc5 e4 16. Ne1 {½-½ (38) Stojanovic,M (2566)-Baramidze,D (2615) Zuerich 2012}) 12. Qxd2 c5 13. Ne5 Qc7 14. Rfd1 Rad8 15. Qb2 cxd4 16. exd4 Nh5 17. Qc2 g6 18. Be4 f6 19. Nf3 Bc8 20. Ne1 g5 21. g3 g4 22. f4 gxf3 23. Bxf3 ({But not} 23. Nxf3 f5 $16) 23... Ng7 24. Ng2 Nf5 25. d5 e5 26. b4 Nd4 {[#]} (26... a5 $16) 27. Rxd4 $1 $18 {[%mdl 512]} exd4 28. c5 $1 bxc5 29. bxc5 d3 {[#]} 30. Qc4 $1 {[%mdl 1024] aiming for d6+. White has strong compensation.} Qa5 31. d6+ (31. Rd1 $18) 31... Kh8 $16 32. Rd1 Ba6 $2 {[%mdl 8192] [#]} (32... Bd7 $16 {is a better defense.}) 33. Qd4 $1 $18 Rb8 34. Nf4 {[%cal Bg2f4,Bf4d3,Bd3b4][%mdl 32]} Qxa2 35. Nxd3 Rb1 (35... Bb5 $142 36. c6 Qa4) 36. Nb4 Qc4 37. Qxc4 Rxd1+ 38. Bxd1 Bxc4 {[%mdl 4096] Endgame KRB-KBN} 39. c6 Bb5 40. Bf3 f5 41. Nc2 (41. c7 $142 Bd7 42. Bc6) 41... Rf6 42. d7 (42. c7 $142) 42... Rd6 43. Na3 Ba4 44. Nc4 Rd4 45. Ne5 Kg7 46. Kf2 Bxc6 47. Bxc6 Kf6 {[#]} 48. Nc4 $1 {[%mdl 512]} Ke7 (48... Rxc4 49. d8=Q+) 49. Na5 f4 (49... Rd3 $142 50. Ke2 Rxd7 51. Bxd7 Kxd7) 50. Nb7 $2 (50. g4 $18 {is the precise move to win.} Rxd7 51. Bxd7 Kxd7 52. Kf3) 50... fxg3+ 51. hxg3 (51. Kxg3 $16 {And now Kf3 would win.} Rxd7 52. Bxd7 Kxd7 53. Na5) 51... Rxd7 $11 {The position is equal.} 52. Bxd7 Kxd7 $16 {KN-KPP} 53. Na5 {Hoping for Ke3.} Ke6 54. Kf3 {Threatens to win with Kg4.} Kf5 55. Nc4 Kg5 56. Na5 Kf5 57. Nb7 Kg5 58. Nc5 a5 59. g4 a4 60. Ne4+ Kg6 {Precision: White = 57%, Black = 59%.} 1/2-1/2

[Event "EYCC 2017"]
[Site "Mamaia"]
[Date "2017.09.05"]
[Round "1"]
[White "Vasiesiu, Victor"]
[Black "Morozov, Nichita"]
[Result "0-1"]
[WhiteElo "2169"]
[BlackElo "2458"]
[Annotator "TA"]
[PlyCount "122"]
[EventDate "2017.??.??"]
[EventType "swiss"]
[EventCountry "ROU"]
[SourceTitle "playchess.com"]
[Source "ChessBase"]
[SourceQuality "1"]

{[%evp 15,122,22,22,15,7,0,96,104,110,68,68,56,113,127,122,109,121,92,133,138,197,191,181,193,174,115,108,0,0,0,0,0,0,12,13,0,0,0,0,0,0,0,43,-4,-3,-18,-14,-18,0,0,22,-33,-14,-34,-36,-36,-35,-29,-27,-122,-118,-112,-108,-97,-120,-349,-335,-391,-402,-520,-518,-519,-480,-627,-615,-697,-518,-1757,-1981,-2780,-2766,-2721,-2739,-2161,-2330,-2281,-1850,-29958,-29964,-29957,-29961,-29963,-29953,-29962,-12794,-29975,-29977,-29974,-29974,-29977,-5085,-29975,-29978,-29976,-29978,-29976,-29972,-29987,-29987]} 1. e4 c6 2. d4 d5 3. e5 Bf5 4. h4 h6 5. g4 Bd7 6. Nc3 {B12: Caro-Kann: Advance Variation} (6. Be3 Qb6 7. Nd2 e6 8. Nb3 Na6 9. h5 c5 10. dxc5 Nxc5 11. Nf3 Qc7 12. c3 b6 13. Nbd4 a6 {½-½ (56) Nepomniachtchi,I (2767)-Dreev,A (2652) Doha 2016}) 6... Qc8 7. Be2 e6 8. Be3 c5 {LiveBook: 5 Games} 9. dxc5 Bxc5 10. Qd2 h5 $146 (10... Bb4 $11 {keeps the balance.}) ({Predecessor:} 10... Ne7 11. h5 a6 12. f4 b5 13. Nd1 Bxe3 14. Nxe3 {1-0 (54) Perez Candelario,M (2576)-Burmakin,V (2518) La Roda 2017}) 11. gxh5 $16 Nh6 12. Bxc5 Qxc5 13. O-O-O Nc6 (13... Kf8 $14) 14. Ne4 $1 {[%cal Re4c5]} dxe4 15. Qxd7+ Kf8 16. Rh3 {[%cal Bh1h3,Bh3b3,Bb3b7][%mdl 32]} Qe7 17. Rb3 $1 Nxe5 (17... Qxd7 $16 {was necessary.} 18. Rxd7 b6) 18. Qxb7 $18 Qxb7 19. Rxb7 Nf5 20. Rc7 ({White should try} 20. f4 $18 Nc6 21. Rdd7) 20... Nxh4 $16 21. Nh3 (21. Rc5 $1 $16 {[%cal Rc5e5]} Nef3 22. Nxf3 exf3 23. Bd3) 21... Nhf3 $11 22. Nf4 Rh6 $1 23. Ba6 Rf6 24. Nh3 Rh6 25. Nf4 Ng5 26. Rc5 Nef3 $1 27. Ra5 Rf6 28. Ne2 Nh3 29. Bb7 Rb8 30. Rxa7 Nxf2 31. Rd7 Rf5 $36 {[%mdl 2048] Black is pushing.} (31... Ne5 $5 {[%cal Re5d7]} 32. Rd4 e3 $15) 32. b3 Rxh5 {[#]} (32... Ne5 $5 {[%cal Re5d7]} 33. Rd4 e3 $15) 33. Ng3 (33. Bxe4 $1 $11 {[%mdl 512]} Ne5 (33... Nxe4 34. Rxf7+) 34. Rd4) 33... Rh4 $15 {[#] next ...Ne5 is good for Black.} 34. Nxe4 $1 {[%mdl 512]} Nxe4 35. Bxe4 Ne5 36. Rdb7 {[%cal Rb7b8]} Rd8 37. Bd3 {[#]} (37. Ra4 $11 {remains equal.}) 37... g5 $1 $17 ({Don't take} 37... Nxd3+ 38. cxd3 Rf4 39. Kd2 $11) 38. Ra5 Nxd3+ 39. cxd3 {[%mdl 4096] Endgame KRR-KRR} g4 ({Don't play} 39... Rxd3 40. Rxg5 Rh2 41. a4 $11) 40. Ra4 $2 (40. Raa7 $17 Rh7 41. Kd2) 40... Rxd3 $19 41. Rf4 f5 {[%cal Bf7f5,Bf5f4,Bf4f3][%mdl 32]} 42. Rc4 {Rc8+ would kill now.} Rd8 43. Rcc7 Kg8 44. Rg7+ Kh8 45. Rbe7 f4 46. Rg5 (46. Rg6 $142 f3 47. Rexe6) 46... f3 47. Rf7 Rg8 48. Rxg8+ Kxg8 {KR-KR} 49. Rf4 e5 50. Rf5 Kg7 51. a4 {[#]} Rh5 $3 {[%mdl 512]} 52. Rxh5 {[#] KR-K3P} f2 $1 {[%cal Rf2f1]} 53. Rf5 g3 54. Kd2 g2 55. Ke2 g1=Q 56. Rxf2 {KQ-KR} Qb1 57. Rf3 Qc2+ (57... e4 $142 58. Rh3 Qc2+ 59. Ke1 Kf6 60. Rg3 Ke5 61. Kf1 Qd1+ 62. Kg2 Qd2+ 63. Kg1 e3 64. Rg8 e2 65. Re8+ Kf6 66. Rf8+ Ke7 67. Rf1 exf1=N 68. Kxf1 Kf6 69. a5 Kf5 70. b4 Kg4 71. Kg1 Kf3 72. Kh1 Qg2#) 58. Ke3 Qxb3+ {Black mates.} 59. Ke4 Qb7+ 60. Ke3 Qb4 61. Rf5 Qd4+ {Precision: White = 45%, Black = 73%.} 0-1

[Event "EYCC 2017"]
[Site "Mamaia"]
[Date "2017.09.05"]
[Round "1"]
[White "Calin, Alexandru"]
[Black "Sargsyan, Shant"]
[Result "1/2-1/2"]
[WhiteElo "2161"]
[BlackElo "2416"]
[Annotator "TA"]
[PlyCount "94"]
[EventDate "2017.??.??"]
[EventType "swiss"]
[EventCountry "ROU"]
[SourceTitle "playchess.com"]
[Source "ChessBase"]
[SourceQuality "1"]

{[%evp 18,94,17,12,13,14,15,25,35,10,0,-15,40,33,40,39,48,49,38,38,42,39,50,50,48,44,53,49,52,41,46,50,50,47,50,54,59,47,64,23,52,19,58,37,37,32,43,20,28,14,49,20,58,28,33,33,33,33,34,34,62,31,60,61,52,0,76,12,29,12,35,33,37,28,68,4,10,0,68]} 1. d4 Nf6 2. Nf3 d5 3. c4 e6 4. g3 Bb4+ 5. Bd2 Bd6 (5... Be7 6. Bg2 O-O 7. O-O Nbd7 8. Bf4 c6 9. Nc3 b6 10. cxd5 exd5 11. Rc1 Bb7 12. Qc2 Re8 13. Rfd1 Nf8 14. e4 dxe4 15. Ne5 Nd5 16. Nxe4 Ne6 17. Be3 Rc8 18. Qb3 Bf8 19. Nc3 Nxe3 20. fxe3 Rc7 21. Kh1 {1-0 (54) Dominguez Perez,L (2739)-Caruana,F (2807) Saint Louis 2017}) 6. Bg2 {E01: Catalan: Early deviations} c6 7. O-O Nbd7 8. Qc2 O-O 9. Rd1 Ne4 10. Bf4 {LiveBook: 3 Games} Bxf4 11. gxf4 f5 12. Nbd2 {[%cal Bb1d2,Bd2f3,Bf3g5][%mdl 32]} Rf6 13. Ne5 $146 Rh6 {[#] Threatens to win with ...Nxe5.} 14. Ndf3 ({Don't play} 14. Bxe4 fxe4 15. Nf1 Qh4 $17) 14... Ndf6 (14... Nxe5 $11 15. dxe5 Qe8) 15. Ng5 $14 {Hoping for Ngf7.} Rh5 16. Ngf7 $36 {[%mdl 2048] White is pushing.} Qe7 17. f3 (17. e3 {is more complex.} Bd7 18. f3 Nd6 19. Nxd6 Qxd6 20. c5) 17... Nd6 18. Nxd6 Qxd6 19. c5 Qe7 20. e3 Bd7 21. Kh1 Kh8 22. Rg1 {[%cal Bd1g1,Bg1g3,Bg3g5][%mdl 32]} Rg8 23. Bf1 Be8 24. Bd3 Nd7 25. Nxd7 Qxd7 26. Rg3 Rh6 27. Qg2 Rg6 28. Rg5 Rf8 29. Rg1 Rff6 30. Qg3 h6 31. Qh4 b6 32. Rxg6 Bxg6 33. b4 Qb7 34. Rb1 b5 35. Qf2 Bh5 36. Be2 Qa6 37. Bd1 Qa3 38. Qd2 Rg6 39. Be2 (39. Rb3 $5 {[%cal Rb3a3]} Qa4 40. Rb1 $14) 39... Kh7 40. Rb3 Qa6 41. Rb1 (41. Qb2 $14) 41... Qc8 (41... Qa3 $11) 42. Rg1 (42. a4 $16) 42... Rxg1+ $11 43. Kxg1 Qd8 44. Qe1 Qe7 45. Bd1 a6 46. Qg3 ({White should play} 46. Kg2 $14) 46... Qd8 47. a4 Qe7 {Precision: White = 45%, Black = 50%.} (47... a5 $11 48. axb5 cxb5) 1/2-1/2

[Event "EYCC 2017"]
[Site "Mamaia"]
[Date "2017.09.05"]
[Round "1"]
[White "Ponomarev, Grigori"]
[Black "Schouten, Mathias Lind"]
[Result "1-0"]
[WhiteElo "2155"]
[BlackElo "1653"]
[Annotator "TA"]
[PlyCount "113"]
[EventDate "2017.??.??"]
[EventType "swiss"]
[EventCountry "ROU"]
[SourceTitle "playchess.com"]
[Source "ChessBase"]
[SourceQuality "1"]

{[%evp 16,113,43,39,60,44,108,108,98,119,145,92,127,115,106,94,116,116,116,108,125,81,86,5,7,7,7,7,10,10,2,11,0,0,0,9,11,0,1,-14,19,-10,0,0,105,102,106,108,106,71,114,68,104,96,98,78,170,165,164,164,164,163,190,183,193,148,188,166,186,112,170,119,149,120,167,167,160,168,304,292,270,221,374,350,523,493,773,509,516,506,542,502,864,861,979,925,29986,29987,29985,7064]} 1. e4 e5 2. Nf3 Nc6 3. Bc4 Nf6 4. d3 Bc5 5. O-O O-O 6. c3 d6 7. Re1 Bg4 {C54: Giuoco Piano: 4 c3 Nf6, main lines with 5 d4 and 5 d3} (7... a6 8. Bb3 Re8 9. h3 h6 10. Nbd2 Be6 11. Nf1 Bxb3 12. Qxb3 d5 13. Be3 Bf8 14. Rad1 Na5 15. Qc2 {0-1 (43) So,W (2812)-Carlsen,M (2832) Paris 2017}) 8. h3 Bh5 9. Nbd2 {LiveBook: 9 Games} a5 {White is slightly better.} 10. Nf1 Re8 ({Black should play} 10... h6 $14) 11. Ng3 $1 $16 {[%cal Rg3h5]} Bg6 $146 ({Predecessor:} 11... Bxf3 12. Qxf3 a4 13. Bg5 {1-0 (13) Bondar,V-Martin,V ICCF corr 1990}) 12. Bg5 Ba7 13. h4 (13. d4 $142) 13... h6 {[#]} 14. h5 $1 {[%cal Rh5g6][%mdl 512]} Bh7 {[#]} (14... Nxh5 15. Bxd8) 15. Bh4 $1 Qe7 16. Nh2 Nb8 17. Qf3 Nbd7 18. Ng4 c6 19. Nf5 (19. a4 $16) 19... Bxf5 $1 $11 20. Qxf5 b5 $1 {[%cal Rb5c4]} 21. Bb3 a4 $1 {[%cal Ra4b3]} 22. Nxf6+ Nxf6 23. Bxf6 Qxf6 24. Qxf6 gxf6 25. Bd1 Kf8 26. Be2 Ke7 27. Rad1 Rad8 (27... b4 $5) 28. d4 exd4 29. cxd4 {[%cal Bc3d4,Bd4d5][%mdl 32]} d5 (29... Kf8 $11 {keeps the balance.}) 30. exd5 $16 Kd6 31. dxc6 Kxc6 32. d5+ Kb6 33. Bf3 {Rxe8 is the strong threat.} Re5 34. Rxe5 fxe5 {[%mdl 4096] Endgame KRB-KRB} 35. Rc1 Rd6 {[#]} (35... f5 $16) 36. g4 $1 $18 Rf6 37. Kg2 Ka5 38. Rc2 Bd4 39. Be4 Kb6 40. f3 Bc5 41. b3 a3 42. Rc1 (42. g5 $18 hxg5 43. Kg3) 42... b4 (42... Rd6 $16 {was called for.} 43. Rc3 b4) 43. Kf1 (43. g5 $18 hxg5 44. Kg3) 43... Kb5 44. Ke2 Kb6 45. Rh1 {Strongly threatening g5!} Bf8 46. Kd3 Rd6 (46... Rf4 $142 47. Kc4 Be7) 47. Rc1 Kb7 48. Rc4 Rb6 $2 (48... Rd7 {was worth a try.} 49. Rc6 Rd6) 49. Bf5 Bg7 (49... Rb5 $142 50. Ke4 Rc5 51. Rxb4+ Kc7) 50. Rc8 Ka6 (50... Rd6 $142 51. Kc4 Kb6) 51. Rg8 Bf6 52. Rf8 Kb5 53. Rxf7 Kc5 (53... Bg5 $142 54. Ke4 Rf6) 54. Ke4 Rd6 55. Be6 Rd8 56. Rxf6 Rd7 57. g5 {Precision: White = 63%, Black = 41%.} 1-0

[Event "EYCC 2017"]
[Site "Mamaia"]
[Date "2017.09.05"]
[Round "1"]
[White "Morgunov, Marc"]
[Black "Arakelian, Aik"]
[Result "0-1"]
[WhiteElo "2130"]
[BlackElo "1762"]
[Annotator "TA"]
[PlyCount "76"]
[EventDate "2017.??.??"]
[EventType "swiss"]
[EventCountry "ROU"]
[SourceTitle "playchess.com"]
[Source "ChessBase"]
[SourceQuality "1"]

{[%evp 15,76,37,44,17,25,-18,-15,-19,113,111,99,8,6,-53,-55,-69,-56,-93,-43,-58,36,33,90,-54,-23,-7,-15,-4,0,0,-9,-17,9,0,0,-566,-566,-602,-559,-547,-544,-492,-99,-100,-120,-110,-107,-103,-98,-1130,-1136,-1125,-1094,-12840,-11070,-12841,-12838,-29995,-29996,-29996,-29997,-29997,-29998]} 1. e4 c5 2. Nc3 d6 3. f4 Nc6 4. Nf3 g6 5. Bb5 Bg7 6. Bxc6+ bxc6 7. d3 Nh6 8. O-O O-O {LiveBook: 48 Games} 9. h3 {B23: Closed Sicilian: Lines without g3} f5 10. Be3 $146 ({Predecessor:} 10. e5 Nf7 11. exd6 exd6 12. Be3 Rb8 13. Rb1 Re8 14. Bf2 Qa5 15. Be1 Qc7 16. Na4 Nd8 {1-0 (40) Pridorozhni,A (2553)-Maximov,D (2506) Pardubice 2010}) 10... Rb8 11. Rb1 {The position is equal.} e6 (11... fxe4 $11 12. dxe4 Qa5) 12. e5 $16 Nf7 {[%cal Rd6e5]} 13. Re1 (13. exd6 $1 $16 Qxd6 14. Qe2) 13... dxe5 $11 14. Bxc5 ({White should play} 14. fxe5 $11 Nxe5 15. Bxc5 Nxf3+ 16. Qxf3) 14... exf4 $15 15. Bxf8 Qxf8 16. d4 g5 {[%mdl 1024] Black has strong compensation.} 17. Na4 $1 Qd6 (17... g4 $15 18. Ne5 Nxe5 19. dxe5 gxh3) 18. c3 $14 g4 (18... Rb5 $14) 19. Nd2 (19. Ne5 $16) 19... f3 {White must now prevent ...Ng5.} 20. hxg4 fxg4 {With the idea ...e5.} 21. Ne4 $132 {[%mdl 2048] White is fighting back} Qf4 22. Qd2 Qf5 23. Nac5 h5 24. Rf1 e5 25. d5 $2 {[%mdl 8192]} (25. dxe5 $11 {and White has nothing to worry.} Bxe5 26. Rbe1) 25... Bh6 $19 26. Qd3 {And now d6 would win.} cxd5 27. Qxd5 Be3+ 28. Kh1 h4 $2 (28... Bxc5 $19 {is more deadly.} 29. Nxc5 Qg5) 29. Nd6 $17 Qg6 $1 {[%cal Rg6d6]} 30. Nxf7 Qxf7 31. Qxe5 {[#]} Bf4 $1 {[%cal Rf4e5]} 32. Qd4 $2 {[%mdl 8192]} (32. Qe4 $17) 32... fxg2+ $19 33. Kxg2 {[#]} h3+ $1 {[%cal Bh4h3,Bh3h2][%mdl 32]} 34. Kg1 h2+ 35. Kg2 Bb7+ $1 36. Nxb7 Qxb7+ {Black mates.} 37. Kf2 Qf3+ 38. Ke1 Re8+ {Precision: White = 25%, Black = 46%.} 0-1

[Event "EYCC 2017"]
[Site "Mamaia"]
[Date "2017.09.05"]
[Round "1"]
[White "Giesinger, Elias"]
[Black "Vrolijk, Liam"]
[Result "0-1"]
[WhiteElo "2115"]
[BlackElo "2423"]
[Annotator "TA"]
[PlyCount "106"]
[EventDate "2017.??.??"]
[EventType "swiss"]
[EventCountry "ROU"]
[SourceTitle "playchess.com"]
[Source "ChessBase"]
[SourceQuality "1"]

{[%evp 14,106,24,0,11,0,0,-11,26,29,35,46,42,-6,0,-26,50,22,47,9,2,0,2,-10,-18,-81,-89,-79,-73,-120,-44,-33,-34,-37,-34,-38,-5,-121,-122,-208,-150,-157,-153,-334,-313,-364,-321,-357,-338,-360,-364,-364,-364,-350,-343,-361,-342,-403,-297,-414,-414,-414,-402,-583,-572,-554,-539,-499,0,-317,-292,-304,-281,-316,-276,-369,-352,-356,-356,-452,-453,-445,-416,-379,-376,-471,-462,-467,-478,-947,-926,-1932,-1745,-861,-744]} 1. d4 Nf6 2. c4 e6 3. Nf3 b6 4. a3 Bb7 5. Nc3 d5 6. cxd5 Nxd5 7. e3 g6 8. h4 Bg7 {E12: Queen's Indian: Unusual White 4th moves, 4 a3, 4 Nc3 Bb7 5 a3 and 4 Nc3 Bb7} 9. Bb5+ (9. h5 Nd7 10. Bd3 Nxc3 11. bxc3 e5 12. e4 Qe7 13. h6 Bf6 14. O-O O-O 15. Re1 Rfd8 16. Be3 {1-0 (40) Li,C (2720)-Tomashevsky,E (2711) Sharjah 2017}) 9... c6 {White must now prevent ...Nxc3.} 10. Bd3 Nd7 {The position is equal.} 11. h5 Nxc3 12. bxc3 c5 13. a4 $146 ({Predecessor:} 13. e4 Qc7 14. Be3 Rc8 15. h6 Bf8 16. O-O Be7 17. a4 {1-0 (55) Buhmann,R (2590)-Braun,P (2245) Schwaebisch Gmuend 2015}) 13... e5 {aiming for ...e4.} 14. Bc4 e4 ({Better is} 14... O-O $11) 15. Ng1 Rc8 {Threatens to win with ...cxd4.} 16. Qb3 O-O 17. hxg6 hxg6 18. Ba3 Nb8 19. Rc1 {[#]} (19. Nh3 $11) 19... Nc6 $1 $17 {[%cal Rc6a5] Strongly threatening ...Na5.} 20. Qd1 ({Avoid the trap} 20. Bxc5 $2 Na5 $19) 20... Na5 21. Ba2 Bd5 (21... Qg5 $17 22. g3 Ba6) 22. c4 $15 Be6 {[%cal Bd5e6,Be6d7,Bd7g4,Bg4f3][%mdl 32]} 23. d5 Bd7 24. Ne2 Qg5 25. Nf4 (25. Kf1 $11) 25... Be5 $36 {[%mdl 2048] White is under strong pressure.} 26. g3 (26. Kf1 $17) 26... Bg4 27. Qc2 Bf3 28. Rh2 $2 (28. Rh4 $17) 28... Qf6 $19 29. Rb1 Bc3+ 30. Kf1 {[#]} Kg7 $1 31. Qxc3 Qxc3 32. Bb2 {[#]} Qxb2 $1 {[%mdl 512]} 33. Rxb2 Rh8 34. Rxh8 Rxh8 {[%cal Rh8h1]} 35. Ke1 Rh1+ 36. Kd2 g5 37. Ne2 {White hopes to continue with Nc3.} Rf1 38. Nc3 (38. Rc2 {might work better.}) 38... Rxf2+ 39. Kc1 Rf1+ 40. Kc2 Rf2+ 41. Kc1 Rxb2 42. Kxb2 {[%mdl 4096] Endgame If White can now play Nb5 this consolidates a bit. KBN-KBN} Nb7 43. Nb5 a5 44. Kc2 Bg4 45. Kd2 Bd7 46. Nc3 Nd6 47. Bb3 Kf6 48. Ke2 Ke5 49. Kf2 f5 {Black is clearly winning.} 50. Ne2 Bc8 51. g4 (51. Nc3 $142 Ba6 52. Nb5 Bxb5 53. cxb5) 51... f4 52. exf4+ gxf4 53. g5 Bf5 {Precision: White = 22%, Black = 70%.} 0-1

[Event "EYCC 2017"]
[Site "Mamaia"]
[Date "2017.09.05"]
[Round "1"]
[White "Srdanovic, Jovana"]
[Black "Kostina, Veronika"]
[Result "1-0"]
[WhiteElo "2105"]
[BlackElo "1687"]
[Annotator "TA"]
[PlyCount "117"]
[EventDate "2017.??.??"]
[EventType "swiss"]
[EventCountry "ROU"]
[SourceTitle "playchess.com"]
[Source "ChessBase"]
[SourceQuality "1"]

{[%evp 14,117,51,32,55,-12,15,0,79,87,81,73,63,56,49,48,54,47,53,31,64,59,64,65,39,32,50,34,49,52,56,70,120,118,123,125,130,91,91,92,144,141,147,121,169,108,241,217,213,182,198,215,201,217,217,217,192,195,202,200,220,226,318,318,320,328,393,396,373,373,424,368,355,307,860,825,1000,891,1275,1270,1083,1049,5322,5302,5924,5816,2001,1440,1311,1226,29988,29989,29989,29990,29990,29988,29988,29989,29989,29990,29991,29991,29991,29992,29991,29992]} 1. d4 d5 2. Bf4 Nf6 3. e3 e6 4. Nd2 c5 5. c3 Nc6 6. Bd3 Be7 7. Ngf3 cxd4 8. exd4 {LiveBook: 3 Games} Nh5 {B13: Caro-Kann: Exchange Variation and Panov-Botvinnik Attack} (8... O-O 9. Ne5 Nxe5 10. Bxe5 Bd7 11. Qf3 Qb6 12. Qh3 Ne4 13. Nxe4 dxe4 14. Bxe4 f5 15. Bf3 Qxb2 16. O-O Bf6 {½-½ (24) Sedlak,N (2576)-Dimitrov,R (2380) Zadar 2009}) 9. Be5 ({Better is} 9. Be3 $14) 9... f6 $146 ({Find the theoretical novelty and annotate with similar games:} 9... Bd7 10. Qe2 Nxe5 11. Qxe5 Nf6 12. Qg3 Qb6 13. Rb1 O-O 14. O-O Bb5 15. Ne5 Bd6 {1-0 (70) Khagurov,N (2201)-Kiriushin,V (2223) Maykop 2008}) 10. Bg3 $1 Nxg3 (10... g6 $11 {keeps the balance.}) 11. hxg3 $16 f5 12. Qe2 O-O 13. Ne5 (13. g4 $5) 13... Nxe5 14. Qxe5 Bf6 15. Qe2 g6 16. O-O-O Qa5 17. Kb1 $36 {[%mdl 2048] White is pushing.} Rb8 18. Nb3 {[%cal Bd2b3,Bb3c5,Bc5d3][%mdl 32]} Qc7 19. f4 a5 20. Nc5 Qd6 21. Bb5 b6 22. Nd3 Bd7 23. Bxd7 Qxd7 24. g4 Rfe8 25. gxf5 exf5 26. Ne5 Bxe5 (26... Qb7 $142) 27. dxe5 (27. fxe5 $6 b5 $14) 27... b5 28. Rh3 Red8 29. Rhd3 (29. Rdh1 $18) 29... b4 {[#]} (29... Qc6 $16) 30. c4 $1 {[%mdl 512]} d4 (30... dxc4 31. Rxd7) 31. Qd2 ({Don't do} 31. Rxd4 $6 Qxd4 32. Rxd4 Rxd4) 31... Qc6 32. Rxd4 Rxd4 33. Qxd4 Qxg2 {[#]} 34. Qd5+ $1 Qxd5 35. cxd5 $18 {[%mdl 4096] Endgame KR-KR} ({And not} 35. Rxd5 Ra8 $14) 35... Kf7 36. Kc2 h5 37. Kb3 h4 (37... Re8 $142 38. Ka4 b3) 38. Rh1 Rh8 39. Rh3 Rd8 {[#]} 40. Kc4 $1 Rc8+ 41. Kd3 Rd8 42. Kd4 Rh8 43. Kc5 Rc8+ $2 (43... Ke7 44. Kb5 Kf7 45. Kxa5 Rd8) 44. Kd6 Rd8+ 45. Kc6 Ke7 46. Rxh4 Rc8+ 47. Kb5 Rc2 48. Rh7+ Kd8 49. d6 {Threatening mate with e6.} Rd2 50. Rg7 Ke8 51. Rxg6 Rxb2 52. e6 {[%cal Rg6g8] White mates.} Kf8 53. e7+ Kf7 {[#]} 54. Rf6+ $1 {[%mdl 512]} Kxf6 55. e8=Q Rd2 56. d7 Rd5+ 57. Kc4 Rd1 58. d8=Q+ Rxd8 59. Qxd8+ {Precision: White = 75%, Black = 37%.} 1-0